Παράγοντες επιτυχημένης εφαρμογής αγροτικών πολιτικών με έμφαση στη προστασία του περιβάλλοντος : η περίπτωση της πολιτικής πολλαπλής συμμόρφωσης στην ελαιοκαλλιέργεια στη Μεσσηνία : διατριβή
Αποθηκεύτηκε σε:
| Κύριος συγγραφέας: | |
|---|---|
| Συγγραφή απο Οργανισμό/Αρχή: | |
| Άλλοι συγγραφείς: | |
| Μορφή: | Thesis Βιβλίο |
| Γλώσσα: | Greek |
| Δημοσίευση: |
2009
|
| Θέματα: | |
| Διαθέσιμο Online: | http://hdl.handle.net/11610/14992 |
| Ετικέτες: |
Προσθήκη ετικέτας
Δεν υπάρχουν, Καταχωρήστε ετικέτα πρώτοι!
|
MARC
| LEADER | 00000cam a2200000 i 4500 | ||
|---|---|---|---|
| 001 | 1/8328 | ||
| 008 | 100611s2009 gre d | ||
| 035 | |l 10108212 | ||
| 040 | |a GR-MY-UA |b gre |e aacr | ||
| 041 | 0 | |a gre | |
| 082 | 0 | |a 338.1 |2 (22) | |
| 100 | 1 | |a Ματσατσίνης, Ιωάννης. | |
| 245 | 1 | 0 | |a Παράγοντες επιτυχημένης εφαρμογής αγροτικών πολιτικών με έμφαση στη προστασία του περιβάλλοντος : |b η περίπτωση της πολιτικής πολλαπλής συμμόρφωσης στην ελαιοκαλλιέργεια στη Μεσσηνία : διατριβή / |c Ματσατσίνης Ιωάννης ; επιβλέπων καθηγητής: Σπιλάνης Γιάννης |
| 260 | |c 2009 | ||
| 300 | |a 100 σ.; |b εικ., σχεδ.; |c 30 εκ. | ||
| 500 | |a Βιβλιογραφία: σ. 71-73, παράρτημα | ||
| 502 | |a Διατριβή (μεταπτυχιακή) – Πανεπιστήμιο Αιγαίου, Λέσβος, 2009. | ||
| 650 | 0 | 0 | |a Public officers |x Attitudes. |
| 650 | 0 | |a Agricultural laws and legislation |z Greece |z Messenia. | |
| 650 | 0 | |a Agriculture and state |x Environmental aspects |z Greece |z Messenia. | |
| 650 | 0 | |a Agricultural laws and legislation |z Greece |z Messenia. | |
| 650 | 0 | 0 | |a Dissertations, Academic |z Greece. |
| 700 | 1 | |4 ths |a Σπιλάνης, Γιάννης. | |
| 710 | 2 | |a Πανεπιστήμιο Αιγαίου |b Σχολή Περιβάλλοντος |b Τμήμα Περιβάλλοντος |b Πρόγραμμα Μεταπτυχιακών Σπουδών Περιβαλλοντική Πολιτική και Διαχείριση. | |
| 852 | |a INST |b LESVOS |c DIATR |e 20100611 |h 625 |p 005100047728 |q 005100047728 |t MTXE |y 23 | ||
| 852 | |a INST |b LESVOS |c DIATR |e 20100611 |h 626 |p 005100047729 |q 005100047729 |t MTXE |y 23 | ||
| 856 | |u http://hdl.handle.net/11610/14992 | ||
| 901 | |a BIBL1-2010-2 | ||
| 909 | |a Λ |b 164713 | ||
| 909 | |a Λ |b 164712 | ||
| 924 | |a ΜΑΤΣΑΤΣΙΝΗΣ |b ΙΩΑΝΝΗΣ |y ΛΕΣΒΟΣ |z 2009-02 | ||
| 970 | |a ΤΖΑΦΕΡΗ |b ΕΥΑΓΓΕΛΙΑ |z 2010/06/11 | ||